00345pab a2200121 454500008004000000100001600040245010000056260000900156300001300165362001400178650001800192773001300210180718b2011 xxu||||| |||| 00| 0 eng d aSingh, U.B. aProperty title certification system in urban areas: An innovative urban reform waiting in wings c2011 ap.71-86. aJul - Sep aUrban renewal aNagarlok